Foreign Exchange Management (Record no. 1219)
[ view plain ]
| 000 -LEADER | |
|---|---|
| Fixed length control field | 00440nam a2200181 4500 |
| 003 - CONTROL NUMBER IDENTIFIER | |
| Control field | SEACOMMC |
| 005 - DATE AND TIME OF LATEST TRANSACTION | |
| Control field | 20250801130432.0 |
| 008 - FIXED-LENGTH DATA ELEMENTS--GENERAL INFORMATION | |
| Fixed length control field | 250801b |||||||| |||| 00| 0 eng d |
| 020 ## - INTERNATIONAL STANDARD BOOK NUMBER / ISBN | |
| International Standard Book Number | 978-8182813526 |
| 040 ## - CATALOGING SOURCE | |
| Original cataloging agency | SEACOMMC |
| 082 ## - DEWEY DECIMAL CLASSIFICATION NUMBER | |
| Classification number | 332.45 |
| Book Number | G231Fe |
| 100 ## - MAIN ENTRY--PERSONAL NAME | |
| Personal name | Garg, Richa |
| 245 ## - TITLE STATEMENT | |
| Title | Foreign Exchange Management |
| 260 ## - IMPRINT | |
| Place of publication | Delhi |
| Name of publisher | Vrinda Publications |
| Date of publication | 2010 |
| 600 ## - SUBJECT ADDED ENTRY--PERSONAL NAME | |
| Personal name | Richa Garg |
| 650 ## - SUBJECT ADDED ENTRY--TOPICAL TERM | |
| Topical term | MANAGEMENT |
| 942 ## - ADDED ENTRY ELEMENTS (KOHA) | |
| Koha item type | Books |
| Withdrawn status | Lost status | Source of classification | Damaged status | Not for loan | Home library | Current library | Date acquired | Total Checkouts | Call number | Accession number | Date last seen | Price effective from | Koha item type |
|---|---|---|---|---|---|---|---|---|---|---|---|---|---|
| Dewey Decimal Classification | SEACOM MANAGEMENT COLLEGE | SEACOM MANAGEMENT COLLEGE | 01/08/2025 | 332.45 G231Fe | M-3032 | 01/08/2025 | 01/08/2025 | Books | |||||
| Dewey Decimal Classification | SEACOM MANAGEMENT COLLEGE | SEACOM MANAGEMENT COLLEGE | 01/08/2025 | 332.45 G231Fe | M-3033 | 01/08/2025 | 01/08/2025 | Books | |||||
| Dewey Decimal Classification | SEACOM MANAGEMENT COLLEGE | SEACOM MANAGEMENT COLLEGE | 01/08/2025 | 332.45 G231Fe | M-3034 | 01/08/2025 | 01/08/2025 | Books | |||||
| Dewey Decimal Classification | SEACOM MANAGEMENT COLLEGE | SEACOM MANAGEMENT COLLEGE | 01/08/2025 | 332.45 G231Fe | M-3035 | 01/08/2025 | 01/08/2025 | Books | |||||
| Dewey Decimal Classification | SEACOM MANAGEMENT COLLEGE | SEACOM MANAGEMENT COLLEGE | 01/08/2025 | 332.45 G231Fe | M-3036 | 01/08/2025 | 01/08/2025 | Books |
